000 00546nam a22001937a 4500
999 _c59349
_d59349
003 Ge_BSU
005 20230126161226.0
008 230126s2021 enk||||| |||| 00| 0 eng d
020 _a9781292271941
041 _aeng
080 _a811.111.1 M-30
100 _aMaris, Amanda
_916808
245 _aRoadmap A1 :
_bStudent's Book /
_cAmanda Maris.
264 _aHarlow,
_c2021.
300 _a160 p.:
_bill.;
_c30 cm.
653 _aინგლისური ენის კურსი
773 _tნაჩუქარი
942 _2udc
_cBK